000
00283nam a2200109Ia 4500
008
200302s9999 xx 000 0 und d
100
_a
Andrea E Monfried (Ed)
245
_a
Work in Progress- Krueck Sexton
260
_b
Monacelli Press Ltd ., HongKong
260
_c
1997
300
_a
190
999
_c
4738
_d
4738